000 01965nam a2200445 i 4500
001 198410
003 ES-MaACL
005 20260601144409.0
007 ta
008 260601s1964 sp a|||| |||| 001 1 spa d
017 _aB 12696-1964
_bOficina Depósito Legal Barcelona
040 _aES-MaACL
_bspa
_cES-MaACL
_erda
080 _a82"18/19"(082.2)
100 1 _aSully Prudhomme
_4aut
_9108764
_eaut
245 1 0 _aSully Prudhomme, Rudyard Kipling, Selma Lagerlöf, Thomas Mann, Sinclair Lewis, Rabindranath Tagore, Bertrand Russell
250 _aCuarta edición
264 1 _aBarcelona :
_bPlaza & Janés,
_c1964
300 _aXV, 1936 páginas y 8 hojas sin numerar :
_bretratos (blanco y negro) ;
_c18 cm
336 _2rdacontent
_aTexto
337 _2rdamedia
_asin mediación
338 _2rdacarrier
_avolumen
490 0 _aLos premios Nobel de literatura ;
_v1
500 _aRegistro provisional
500 _aÍndice
505 0 _aPoemas / Sully Prudhomme -- Puck / Rudyard Kipling -- La leyenda de Gösta Berling / Selma Lagerlöf -- Los Buddenbrook / Thomas Mann -- Calle Mayor / Sinclair Lewis -- Gitanjali / Rabindranath Tagore -- Fundamentos de filosofía / Bertrand Russell
546 _aTraducido del francés, inglés, sueco y alemán
650 4 _aLiteratura-
_yS.XIX
_9160173
650 4 _aLiteratura-
_yS.XX
_914497
700 1 _aKipling, Rudyard,
_d1865-1936
_4aut
_968087
_eaut
700 1 _aLagerlöf, Selma
_4aut
_969571
_eaut
700 1 _aMann, Thomas,
_d1875-1955
_4aut
_976055
_eaut
700 1 _aLewis, Sinclair,
_d1885-1951
_4aut
_972071
_eaut
700 1 _aTagore, Rabindranath,
_d1861-1941
_4aut
_9109071
_eaut
700 1 _aRussell, Bertrand,
_d1872-1970
_4aut
_9101033
_eaut
852 _aES-MaACL
_cDES
_jDB-213
_hDonación: J. Porto
_xEncuadernación cartoné
_9207388
942 _cMONOGRAFIA
_n0
999 _c198410
_d198410